Vincitori dei Campionati Europei UEFA - Statistics

Statistiche generali
  • Questo quiz è stato fatto 601 volte
  • Il punteggio medio è 11 su 16
Statistiche sulle risposte
Anno Campione Finalista % Corretto
2020 Italia Inghilterra
100%
2016 Portogallo Francia
96%
2012 Spagna Italia
94%
2008 Spagna Germania
88%
2000 Francia Italia
84%
2004 Grecia Portogallo
84%
1996 Germania Rep.Ceca
76%
1968 Italia Yugoslavia
66%
1992 Danimarca Germania
64%
1984 Francia Spagna
54%
1980 Germania Ovest Belgio
54%
1988 Paesi Bassi Unione Sovietica
54%
1972 Germania Ovest Unione Sovietica
46%
1960 Unione Sovietica Yugoslavia
45%
1964 Spagna Unione Sovietica
43%
1976 Cecoslovacchia Germania Ovest
27%
Nessun quiz corrispondente trovato
Distribuzione punteggi
Percentuale di utenti per punteggio
Percentile per numero di risposta
I tuoi punteggi nel tempo
Non hai fatto questo quiz